| 000 | 00576nam a2200217Ia 4500 | ||
|---|---|---|---|
| 005 | 20250508164021.0 | ||
| 008 | 008 250505s9999 xx 000 0 hin d | ||
| 020 | _a81-86803-01-7 | ||
| 037 | _aTextBook | ||
| 040 |
_aFEDL _beng _cFEDL |
||
| 041 |
_ahin _2eng |
||
| 084 |
_a954, NAG _qFEDL |
||
| 100 | _aNagori S L | ||
| 245 | 0 | _aPrachin bhartiya chintan ka itihas | |
| 260 |
_aJaipur, India _bNational Publishing House _c2002 |
||
| 300 | _a302p. | ||
| 365 |
_aINR _b400 |
||
| 650 | _aIndia-History | ||
| 942 |
_cTB _h954, NAG |
||
| 999 |
_c1386595 _d1386595 |
||